10 villes par départements Provenec-Alpes-Côtes-d'Azur - Statistiques

Statistiques générales
  • Ce quiz a été pris 170 fois
    97 depuis la dernière actualisation
  • Le résultat moyen est 28 sur 60
Statistiques - réponses
Population Communes % Correct
342 662 Nice
96%
178 741 Toulon
95%
870 731 Marseille
94%
145 133 Aix-en-Provence
90%
74 545 Cannes
89%
40 631 Gap
87%
72 438 Antibes
82%
91 143 Avignon
81%
54 468 Fréjus
80%
30 525 Menton
77%
48 870 Grasse
75%
62 287 La Seyne-sur-Mer
74%
50 454 Arles
73%
16 482 Digne-les-Bains
73%
54 821 Hyères
70%
28 774 Orange
70%
36 027 Saint-Raphaël
70%
39 443 Draguignan
69%
48 574 Martigues
67%
47 617 Aubagne
65%
11 389 Briançon
63%
43 626 Istres
63%
29 236 Carpentras
62%
45 367 Salon-de-Provence
60%
22 528 Manosque
57%
35 993 La Ciotat
56%
52 178 Cagnes-sur-Mer
55%
26 236 Cavaillon
55%
33 333 Vitrolles
54%
7 595 Sisteron
50%
32 384 Marignane
48%
29 162 Saint-Laurent-du-Var
44%
6 335 Embrun
43%
41 887 Le Cannet
39%
34 572 Six-Fours-les-Plages
39%
5 151 Forcalquier
37%
20 042 L'Isle-sur-la-Sorgue
32%
21 998 Mandelieu-la-Napoule
31%
20 257 Pertius
31%
27 364 Vallauris
31%
24 087 La Valette-du-Var
30%
25 505 La Garde
25%
18 893 Sorgues
24%
17 041 Le Pontet
23%
13 935 Bollène
20%
4 323 Villeneuve
18%
5 867 Oraison
14%
3 216 Veynes
14%
3 061 Chorges
13%
2 312 Guillestre
13%
18 774 La Crau
13%
2 295 Tallard
13%
5 089 Château-Arnoux-Saint-Auban
10%
3 543 Laragne-Montéglin
10%
12 935 Monteux
7%
2 255 L'Argentière-la-Bessée
6%
3 751 Les Mées
6%
2 362 La Bâtie-Neuve
4%
3 442 Saint-Tulle
4%
3 905 Pierrevert
2%
Aucun quiz correspondant
Distribution des résultats
% des personnes avec chaque résultat
Percentile par nombre de réponses
Votre historique - résultats
Vous n’avez pas pris ce quiz depuis la dernière actualisation